01389nam a22003135i 4500001000700000003000900007005001700016008004100033080002000074245010500094260003200199300005000231490007100281505023500352650002900587700004900616700003900665700003100704700004000735700004000775700001800815740002700833740002000860740001700880740004100897740003200938830007100970852003401041178576ES-MaACL20241210140229.0110608s1959 sp o |||| | spa d a821.134.2-2"19"00aTeatro español. p1957-1958 / cprólogo, notas y apéndice por Federico Carlos Sainz de Robles. aMadrid : bAguilar, c1959. aXXXI, 362, [8] p. de fot. bl. y n. ; c21 cm.1 aColección literaria. Novelistas, dramaturgos, ensayistas, poetas80aContiene: Las cartas boca abajo / Antonio Buero Vallejo. Alta fidelidad / Edgar Neville. La herencia / Joaquín Calvo Sotelo. Los tres etcéteras de don Simón / José María Pemán. Usted puede ser un asesino / Alfonso Paso 4aTeatro español-yS.XX.1 aSainz de Robles, Federico Carlos,d1898-19821 aBuero Vallejo, Antonio,d1916-20001 aNeville, Edgar,d1899-19671 aCalvo-Sotelo, Joaquín,d1905-19931 aPemán, José María,d1897-19811 aPaso, Alfonso42aLas cartas boca abajo.02aAlta fidelidad.32aLa herencia.42aLos tres etcéteras de don Simón.02aUsted puede ser un asesino.0 aColección literaria. Novelistas, dramaturgos, ensayistas, poetas aES-MaACLjE-15344 xOlim P-83